000 00474nam a2200181Ia 4500
001 1918
005 20260306143804.0
008 260306t2009||||xx |||||||||||||| ||spa||
041 _aESP
082 _a158.1
_bP28
100 _aPattakos, Alex
_eAUT
245 0 _aEn busca del sentido:
_blos principios de Viktor Frankl aplicados al mundo del trabajo
260 _c2009
300 _a190 páginas :
_c22 cm.
650 _aGEN
654 _aCPS
942 _cLIB
_dJUS
_fJUS
_2ddc
_n
999 _c1918
_d1918